| 000 | 01312nam a2200325Ia 4500 | ||
|---|---|---|---|
| 001 | dia_2752 | ||
| 003 | CHAP | ||
| 005 | 20230313095257.0 | ||
| 008 | 220117s1984 xx 000 0 und d | ||
| 010 | _a173247 | ||
| 040 | _cCHAP | ||
| 082 | _a664.8 T73 1984 | ||
| 110 |
_aMéxico. Secretaría de Educación Pública. Sistema Nacional para el Abasto _9153430 |
||
| 245 |
_aTransportación de frutas y hortalizas / _c coordinación Gabriel Siade Barquet y Dagoberto Castillo Animas ; colaboración Etelberto Contreras Camargo y Alberto Juan Gasca Gitiérrez |
||
| 260 |
_aMéxico : _b SEP :, _b CONAFRUT :, _b SECOFI, _c1984 |
||
| 300 | _a112 p. | ||
| 440 |
_aManuales técnicos para la elaboración de cursos de capacitación _970701 |
||
| 590 | _aTX603 T73 1984 | ||
| 650 |
_aFood transport _9153431 |
||
| 650 |
_aFruits _xTransportation _9153432 |
||
| 650 |
_aFrutos _xTransporte _9153433 |
||
| 650 |
_aTransporte de alimentos _9153434 |
||
| 650 |
_aVegetables _xTransportation _9153435 |
||
| 650 |
_aVerduras _xTransporte _9153436 |
||
| 710 |
_aSecretaría de Educación Pública (México) \ Sistema Nacional para el Abasto (México) _9153437 |
||
| 901 | _a664.8 T73 1984 | ||
| 902 | _aM | ||
| 905 | _a5232271984 mx adnb8225223322spa26 | ||
| 942 |
_cLIBRO _2ddc |
||
| 999 |
_c173247 _d173247 |
||